| Tag |
First Indicator |
Second Indicator |
Subfields |
| LEADER |
00000cam a22000008a 4500 |
| 001 |
in00000010562 |
| 005 |
20151007051410.0 |
| 008 |
871229s1988 ohua b 00000 eng |
| 010 |
|
|
|a 87035004
|
| 020 |
|
|
|a 1556530390
|
| 035 |
|
|
|a (OCoLC)17353519
|
| 035 |
|
|
|9 AAA2780AM
|
| 040 |
|
|
|a DLC
|c DLC
|d OCL
|d TXA
|d UtOrBLW
|
| 043 |
|
|
|a n-us---
|
| 049 |
|
|
|a TXAM
|c [A09165773]
|
| 050 |
0 |
0 |
|a Z674.82.L56
|b L57 1988
|
| 082 |
0 |
|
|a 021.6/5
|2 19
|
| 245 |
0 |
4 |
|a The Linked Systems Project :
|b a networking tool for libraries /
|c compiled and edited by Judith G. Fenly and Beacher Wiggins.
|
| 263 |
|
|
|a 8801
|
| 264 |
|
1 |
|a Dublin, Ohio :
|b OCLC Online Computer Library Center,
|c 1988.
|
| 300 |
|
|
|a viii, 138 pages :
|b illustrations ; 23 cm.
|
| 336 |
|
|
|a text
|b txt
|2 rdacontent
|
| 337 |
|
|
|a unmediated
|b n
|2 rdamedia
|
| 338 |
|
|
|a volume
|b nc
|2 rdacarrier
|
| 490 |
1 |
|
|a OCLC library, information, and computer science series ;
|v 6
|
| 504 |
|
|
|a Bibliography: pages [131]-134.
|
| 610 |
2 |
0 |
|a Linked Systems Project.
|
| 650 |
|
0 |
|a Library information networks
|z United States.
|
| 650 |
|
0 |
|a Libraries
|z United States
|x Automation.
|
| 650 |
|
0 |
|a Telecommunication in libraries
|z United States.
|
| 700 |
1 |
|
|a Fenly, Judith G.
|
| 700 |
1 |
|
|a Wiggins, Beacher.
|
| 830 |
|
0 |
|a OCLC library, information, and computer science series ;
|v 6.
|
| 999 |
|
|
|a MARS
|
| 999 |
f |
f |
|s c08c5fd2-e23d-3c47-8a85-d648cffe2278
|i 3c937672-83fc-3fd6-a15e-d22d92153e2d
|t 0
|
| 952 |
f |
f |
|p ric
|a Texas A&M University
|b Rellis Campus
|c Joint Library Facility
|d Remote Storage
|t 0
|e Z674.82.L56 L57 1988
|h Library of Congress classification
|i unmediated -- volume
|m A14817620313
|
| 998 |
f |
f |
|a Z674.82.L56 L57 1988
|t 0
|l Remote Storage
|